Controlling rizika finančných nástrojov s dôrazom na zachovanie podnikovej stability

Podnikanie ako činnosť prioritne zameraná na dosahovanie zisku prináša so sebou rôzne formy neistôt, neurčitostí a v prípade relatívne predvídateľného vývoja aj stavy rizikové. Podnikateľ aj napriek vysokému inteligenčnému potenciálu, niekedy nedokáže predvídať dosah svojich aktivít, to sa zákonite...

Ausführliche Beschreibung

Gespeichert in:
Bibliographische Detailangaben
1. Verfasser: Markovič, Peter, 1974-
Format: Buchkapitel
Sprache:Slowakisch
Schlagworte:
Tags: Tag hinzufügen
Keine Tags, Fügen Sie das erste Tag hinzu!

MARC

LEADER 00000naa a2200000 4500
001 0168120
005 20220929092724.2
041 0 |a slo 
044 |a CZ 
245 1 0 |a Controlling rizika finančných nástrojov s dôrazom na zachovanie podnikovej stability  |c Peter Markovič 
520 |a Podnikanie ako činnosť prioritne zameraná na dosahovanie zisku prináša so sebou rôzne formy neistôt, neurčitostí a v prípade relatívne predvídateľného vývoja aj stavy rizikové. Podnikateľ aj napriek vysokému inteligenčnému potenciálu, niekedy nedokáže predvídať dosah svojich aktivít, to sa zákonite musí prejaviť vo finančnej výkonnosti podniku a tým sa otvára priestor pre ďalšie ekonomické a finančné disciplíny, ktorých poslaním je dostať podnik do bezpečných vôd. Analýza finančných nástrojov a ich sledovanie vhodne koncipovaným controllingom rizika. 
610 2 0 |a situácia finančná podniku 
610 2 0 |a kontroling 
610 2 0 |a manažment finančný 
610 2 0 |a risk management 
610 2 0 |a nástroje finančné 
610 2 0 |a stabilizácia podniku 
100 1 |a Markovič, Peter, 1974-